000 00419nam a2200169 4500
020 _a9789360661755
082 _aM301
_bGNP/N
100 _aG N Panikkar
245 _aNeeruravukallku oru geetham/
_cby G N Panikkar
250 _a3
260 _aThiruvananthapuram:
_bPrabhatham,
_c2025.
300 _a112p.
650 _aStories Malayalam
650 _aLiterature Malayalam
650 _aLiterature
942 _cBK
999 _c181547
_d181547